000 01047naa a2200253 4500
999 _c45030
_d45030
001 45030
003 ES-MaCES
005 20190731142230.0
008 000000s2014 sp ||||| t||||||| ||spa d
040 _aES-MaCES
_bspa
_cES-MaCES
100 1 _925099
_aTortuero Plaza, José Luis
245 1 3 _aLa crisis económica y la reforma del sistema de pensiones: malos compañeros de viaje
_cJosé Luis Tortuero Plaza
650 4 _930668
_areforma de la seguridad social
650 4 _927042
_arégimen de pensión
650 4 _927041
_aprestaciones de vejez
650 4 _930623
_aproyección de la población
650 4 _930614
_aenvejecimiento de la población
650 4 _930262
_aedad de jubilación
650 4 _927102
_acrisis económica
653 1 0 _aSeguridad Social
773 0 _981666
_dBarcelona Atelier [2014]
_o084571
_tEl impacto de la gran crisis mundial sobre el Derecho del trabajo y de la Seguridad Social
_w(ES-MaCES)44826
_z9788415690481
_gp. 627-660. - SG-2.0.-430
902 _aARL Artículo de libro
942 _2CES
_cAR
_h3.0.